00281nam a2200121Ia 4500003000400000005001700004008004100021020001900062040001700081100001400098245003900112260000800151OSt20240312101953.0170523s9999 xx 000 0 und d a978-8120345867 ciimtu meerut aSHARAN- V 0aINTERNATIONAL FINANCIAL MANAGEMENT bPHI